Представление документа в формате MARC21

Поле Инд. ПП Название Значение
Тип записи a
Библиографический уровень b
001 Контрольный номер RU/IS/BASE/237916222
005 Дата корректировки 20240516174821.3
008 Кодируемые данные 20070716
040 b Код языка каталог. rus
e Правила каталог. PSBO
041 0_ a Код языка текста rus
084 a Индекс другой классификации/Индекс ББК 60.526.2; 85.126.6; 63.3(0)-7; 85.123
100 1_ a Автор Михалева К. Ю.
q Полное имя Михалева Катерина Юрьевна
245 10 a Заглавие Становление мировой модной практики: историко-институциональный анализ
504 a Библиография Библиогр. ссылки
600 14 a Персоналии Людовик XIV (франц. король)
a Персоналии Кольбер Жан Батист
650 04 a Основная рубрика декоративно-прикладное искусство
a Основная рубрика изобразительное искусство
a Основная рубрика искусство
a Основная рубрика история
a Основная рубрика социология
653 0_ a Ключевые слова XIX век
a Ключевые слова XVII век
a Ключевые слова XVIII век
a Ключевые слова Великобритания
a Ключевые слова высокая мода
a Ключевые слова демократизация моды
a Ключевые слова история моды
a Ключевые слова история одежды
a Ключевые слова костюмы
a Ключевые слова культура
a Ключевые слова культура моды
a Ключевые слова легкая промышленность
a Ключевые слова мода
a Ключевые слова модная индустрия
a Ключевые слова модная одежда
a Ключевые слова одежда
a Ключевые слова предметы роскоши
a Ключевые слова производство одежды
a Ключевые слова социология моды
a Ключевые слова стиль жизни
a Ключевые слова Франция
773 0_ t Заглавие источника Вестник Московского университета. Серия 18, Социология и политология
d Дата издания источника 2007
g Прочая информация № 1. - С. 132 - 156
w Контрольный № источника RU/IS/BASE/228580253
901 t Тип документа b